000 01077cab a22002055a 4500
001 E153585
008 110808e20110629xxk 000 0 eng d
035 _a(Sirsi) u153585
041 0 _aeng
245 0 4 _aThe Mayor and Burgesses of the London Borough of Brent v Shulem B Association Limited
_h[electronic resource]
260 _c2011
520 _a[2011] EWHC 1663 (Ch), 29 June 2011. Relates to the degree of formality which is required in relation to a demand for a service charge under a lease and other issues relating to Landlord and Tenant Act 1985 S20B, which imposes a time limit within which a lessor can serve a valid demand for a service charge. "Held": the lessee's appeal was allowed.
590 _aKA
650 2 4 _aBRENT LBC v SHULEM B ASSOCIATION LTD
650 2 4 _aLANDLORD AND TENANT ACT 1985 S20B
651 4 _aEngland and Wales
_y1543-
690 _aPROPERTY-LEASEHOLD PROPERTY-LANDLORD AND TENANT-SERVICE CHARGES
856 4 0 _uhttps://www.bailii.org/ew/cases/EWHC/Ch/2011/1663.html
_zView the judgement free of charge at www.bailii.org
942 _n0
999 _c83325
_d83325